IFM Opac

Essentials of Business Law (Record no. 22131)

MARC details
000 -LEADER
fixed length control field 00312nam a22001337a 4500
020 ## - INTERNATIONAL STANDARD BOOK NUMBER
ISBN 978-1-292-14721-5
082 ## - DEWEY DECIMAL CLASSIFICATION NUMBER
Classification number 346.4207
100 ## - MAIN ENTRY--AUTHOR NAME
Personal name Maclntyre, Ewan
245 ## - TITLE STATEMENT
Title Essentials of Business Law
250 ## - EDITION STATEMENT
Edition statement 6th
260 ## - PUBLICATION, DISTRIBUTION, ETC. (IMPRINT)
Place of publication New York:
Name of publisher Pearson,
Year of publication 2018.
300 ## - PHYSICAL DESCRIPTION
Number of Pages xxxv, 504p.: Ill.; 25cm
942 ## - ADDED ENTRY ELEMENTS (KOHA)
Koha item type Books
Holdings
Withdrawn status Lost status Damaged status Not for loan Collection code Permanent Location Current Location Shelving location Date acquired Source of acquisition Full call number Accession Number Price effective from Koha item type
        Non-fiction IFM Main Campus Library IFM Main Campus Library Work Room processing 01/08/2026 Purchased 346.4207 MAC 0000030296 01/08/2026 Books
        Non-fiction IFM Main Campus Library IFM Main Campus Library Work Room processing 01/08/2026 Purchased 346.4207 MAC 0000030294 01/08/2026 Books
        Non-fiction IFM Main Campus Library IFM Main Campus Library Work Room processing 01/08/2026 Purchased 346.4207 MAC 0000030295 01/08/2026 Books